000 01646cam a2200457 4500
001 13925
003 http://catalogue.bnf.fr/ark:/12148/cb41094533s
005 20250904154527.0
010 _a9782952991810
_d22 EUR
020 _aFR
_b00801132
073 0 _a9782952991810
090 _a13925
099 _o0
100 _a20070822d2007 m y0frey50 ba
101 0 _afre
102 _aFR
105 _a||||z 00|a|
181 0 _601
_ai
_bxxxe
181 _602
_ctxt
_2rdacontent
182 0 _601
_an
182 _602
_cn
_2rdamedia
200 1 _aLa différence
_bLIVR
200 1 _cLe tueur de Venise
_cPôkomeu
210 _aBenquet
_b1048 Av. de la Chalosse, 40280
_cÉcritures théâtrales Grand Sud-Ouest éd.
_dimpr. 2007
_e33-Bègles
_gImpr. Ateliers graphiques de l'Ardoisière
215 _a1 vol. (228 p.)
215 _ccouv. ill.
_d23 cm
225 _aCollection Théâtrale
_vvolume 2
300 _aContient aussi : "Paroles d'hommes" / Marwil Huguet. "Destins de rues" / Philippe Vintejoux
410 0 _041137732
410 0 _tCollection théâtrale (Benquet)
_x2110-1728
_v2
610 _aPrécarité
_aExclusion
_aHumanitaire
_aRacisme
676 _a842.920 8
_v23
686 _a802
_2Cadre de classement de la Bibliographie nationale française
702 _aCharbonnier
_bClaire-Lise
_f1933-2023
702 _aFlorensa
_bJuan Manuel
_f1940-....
702 _aGendarme
_bMichel
_f1957-....
702 _311896121
_4070
702 _312731131
_4070
702 _312276253
_4070
712 1 1 _315576250
_aÉcritures théâtrales Grand Sud-Ouest
_4340
801 0 _aFR
_bFR-751131015
_c20070822
_gAFNOR
_hFRBNF410945330000005